<?xml version='1.0' encoding='UTF-8'?>
  <record xmlns="http://www.loc.gov/MARC21/slim">
    <leader>00000cam a22000007i 4500</leader>
    <controlfield tag="001">ocn778561770</controlfield>
    <controlfield tag="003">OCoLC</controlfield>
    <controlfield tag="005">20250219152904.1</controlfield>
    <controlfield tag="008">110304s1744    ne            000 0 dut d</controlfield>
    <datafield tag="040" ind1=" " ind2=" ">
      <subfield code="a">NLGGC</subfield>
      <subfield code="b">dut</subfield>
      <subfield code="e">fobidrtb</subfield>
      <subfield code="c">NLGGC</subfield>
      <subfield code="d">QGJ</subfield>
      <subfield code="d">OCLCA</subfield>
      <subfield code="d">OCLCO</subfield>
      <subfield code="d">OCLCA</subfield>
      <subfield code="d">OCLCL</subfield>
      <subfield code="d">OCLCQ</subfield>
    </datafield>
    <datafield tag="026" ind1=" " ind2=" ">
      <subfield code="e">174408 - a1=a2 *3 t$d - b1 A $a : b2 M3 h$w</subfield>
      <subfield code="2">stcnf</subfield>
    </datafield>
    <datafield tag="029" ind1="0" ind2=" ">
      <subfield code="a">NLGGC</subfield>
      <subfield code="b">33257346X</subfield>
    </datafield>
    <datafield tag="035" ind1=" " ind2=" ">
      <subfield code="a">(OCoLC)778561770</subfield>
    </datafield>
    <datafield tag="100" ind1="1" ind2=" ">
      <subfield code="a">Duim, Fredrik,</subfield>
      <subfield code="d">1674-ca. 1751.</subfield>
      <subfield code="1">https://id.oclc.org/worldcat/entity/E39PBJckTY64kpJpq8txK4xbh3</subfield>
    </datafield>
    <datafield tag="245" ind1="1" ind2="3">
      <subfield code="a">De broedermoort, van Kornelis en Joan de Wit. Treurspel. /</subfield>
      <subfield code="c">By Fredrik Duim.</subfield>
    </datafield>
    <datafield tag="260" ind1=" " ind2=" ">
      <subfield code="a">[For the author] :</subfield>
      <subfield code="b">Amsterdam, I. Duym [bookseller],</subfield>
      <subfield code="c">1744.</subfield>
    </datafield>
    <datafield tag="300" ind1=" " ind2=" ">
      <subfield code="a">[8], 72 p.</subfield>
      <subfield code="b">gegrav. titelbl. ;</subfield>
      <subfield code="c">in-8.</subfield>
    </datafield>
    <datafield tag="336" ind1=" " ind2=" ">
      <subfield code="a">tekst</subfield>
      <subfield code="b">txt</subfield>
      <subfield code="2">rdacontent/dut</subfield>
    </datafield>
    <datafield tag="337" ind1=" " ind2=" ">
      <subfield code="a">zonder medium</subfield>
      <subfield code="b">n</subfield>
      <subfield code="2">rdamedia/dut</subfield>
    </datafield>
    <datafield tag="338" ind1=" " ind2=" ">
      <subfield code="a">band</subfield>
      <subfield code="b">nc</subfield>
      <subfield code="2">rdacarrier/dut</subfield>
    </datafield>
    <datafield tag="500" ind1=" " ind2=" ">
      <subfield code="a">[pi]1 *{4}(-*2) A-D{8} E{4}</subfield>
    </datafield>
    <datafield tag="500" ind1=" " ind2=" ">
      <subfield code="a">Another issue of the edition Amsterdam, J. van der Heyde, 1744.</subfield>
    </datafield>
    <datafield tag="530" ind1=" " ind2=" ">
      <subfield code="a">Titel is gedigitaliseerd voor de Koninklijke Bibliotheek in het kader van het Google Books-project.</subfield>
    </datafield>
    <datafield tag="710" ind1="0" ind2=" ">
      <subfield code="a">Duim, Izaak (Amsterdam)</subfield>
      <subfield code="4">bsl</subfield>
      <subfield code="0">(NL-LeOCL)077131843</subfield>
    </datafield>
    <datafield tag="758" ind1=" " ind2=" ">
      <subfield code="a">De Broedermoort, Van Kornelis En Joan De Wit (Text)</subfield>
      <subfield code="1">https://id.oclc.org/worldcat/entity/E39PCG7gy6DPPg4wByHGYVj8cq</subfield>
      <subfield code="4">https://id.oclc.org/worldcat/ontology/hasWork</subfield>
    </datafield>
    <datafield tag="776" ind1="0" ind2=" ">
      <subfield code="t">De broedermoort, van Kornelis en Joan de Wit. Treurspel.</subfield>
      <subfield code="w">(NL-LeOCL)399028331</subfield>
    </datafield>
    <datafield tag="936" ind1=" " ind2=" ">
      <subfield code="a">BATCHLOAD</subfield>
    </datafield>
  </record>